Deutsche Städte Sudden Death - Statistiken

Allgemein
  • Dieses Quiz wurde 347 mal gespielt
  • Das Durchschnittsergebnis liegt bei 12 aus 14
Answers on the Grid
Answers color-coded by a green-red scale on the quiz's grid according to % correct below.
Berlin
Danzig
Breslau
Freiburg
Cottbus
Johannesburg
Madrid
Nizza
Flensburg
Lüttich
Erfurt
Helsinki
Malmö
Stralsund
Kiel
Hannover
Rotterdam
Bonn
Kapstadt
Tripolis
Venedig
Warschau
München
Straßburg
Wiesbaden
Kiew
Bukarest
Saarbrücken
Kairo
Antananarivo
Rostock
Jena
 
Antwortstatistiken
Antwort % Korrekt
Berlin
100%
Freiburg
93%
Flensburg
90%
Cottbus
89%
Hannover
89%
Wiesbaden
89%
Bonn
88%
Erfurt
88%
Kiel
87%
München
87%
Rostock
86%
Saarbrücken
86%
Jena
82%
Stralsund
71%
Keine übereinstimmenden Quizze gefunden
Verteilung der Resultate
Anzahl Personen mit jedem Resultat
Perzentil nach korrekt beantworteten Fragen
Ihre Resultats-Entwicklung
Sie haben dieses Quiz noch nicht gespielt